Word Math #2 - Statistics

General Stats
  • This quiz has been taken 29,479 times
  • The average score is 8 of 20
Answer Stats
Hint Answer % Correct
Sides on an octagon x Sides on a pentagon 8 x 5 = 40
96%
Dalmatians + Hours in a day 101 + 24 = 125
89%
Shades of Gray x Years in a Century 50 x 100 = 5,000
71%
Days in a leap year / Number required to tango 366 / 2 = 183
56%
Apocalypse horsemen x Deadly sins 4 x 7 = 28
50%
Baker's Dozen + Score 13 + 20 = 33
46%
Beverly Hills zip code + Value of a Benjamin ($) 90,210 + 100 = 90,310
46%
Cards in a deck (no jokers) - Original US States 52 - 13 = 39
43%
Planets in the Solar System x Circles of hell 8 x 9 = 72
42%
Stoner's favorite number / Legal drinking age (US) 420 / 21 = 20
38%
Leagues under the sea + Snow White dwarfs 20,000 + 7 = 20,007
37%
Thieves Encountered by Ali Baba x Blind Mice 40 x 3 = 120
30%
Ways to leave your lover - The loneliest number 50 - 1 = 49
28%
Space Odyssey + Arabian Nights 2,001 + 1,001 = 3,002
27%
Bottles of beer on the wall / Sheets to the wind 99 / 3 = 33
26%
Novel by Orwell - White House street address 1984 - 1600 = 384
24%
Year England won the World Cup - Year of the Battle of Hastings 1,966 - 1,066 = 900
22%
Stages of grief x Olympian gods 5 x 12 = 60
22%
Big Ten teams + Apostles of Jesus 14 + 12 = 26
20%
Jackie Robinson's number - The answer to life, the universe, and everything 42 - 42 = 0
18%
No matching quizzes found
Score Distribution
Percent of People with Each Score
Percentile by Number Answered
Your Score History
You have not taken this quiz